Radiohead - The Bends Songs - Statistics

General Stats
  • This quiz has been taken 30 times
  • The average score is 10 of 12
Answer Stats
Length Song % Correct
4:50 Fake Plastic Trees
100%
4:06 The Bends
100%
4:19 Planet Telex
91%
3:54 Just
86%
4:12 Street Spirit (Fade Out)
86%
4:17 High and Dry
82%
4:36 My Iron Lung
82%
4:07 Black Star
77%
3:09 Bones
77%
3:28 Bullet Proof... I Wish I Was
77%
3:53 (Nice Dream)
77%
3:42 Sulk
73%
No matching quizzes found
Score Distribution
Percent of People with Each Score
Percentile by Number Answered
Your Score History
You have not taken this quiz